ბათუმის შოთა რუსთაველის სახელმწიფო უნივერსიტეტის ბიბლიოთეკა

March Was Made of Yarn: (ბიბ.ჩანაწერი № 63994)

000 -LEADER
fixed length control field 00821nam a22001817a 4500
005 - DATE AND TIME OF LATEST TRANSACTION
control field 20260305120051.0
008 - FIXED-LENGTH DATA ELEMENTS--GENERAL INFORMATION
fixed length control field 260305s2012 enk||||| |||| 00| 0 eng d
020 ## - INTERNATIONAL STANDARD BOOK NUMBER
International Standard Book Number 9780307948861x
041 ## - LANGUAGE CODE
Language code of text/sound track or separate title eng
080 ## - UNIVERSAL DECIMAL CLASSIFICATION NUMBER
Universal Decimal Classification number 821.521 M-29
245 ## - TITLE STATEMENT
Title March Was Made of Yarn:
Remainder of title Reflections on the Japanese Earthquake, Tsunami, and Nuclear Meltdown /
Statement of responsibility, etc. Edited by Elmer Luke, David Karashima.
264 ## - PRODUCTION, PUBLICATION, DISTRIBUTION, MANUFACTURE, AND COPYRIGHT NOTICE
Place of production, publication, distribution, manufacture New York :
Name of producer, publisher, distributor, manufacturer Vintage Books,
Date of production, publication, distribution, manufacture, or copyright notice 2012.
300 ## - PHYSICAL DESCRIPTION
Extent 218 p.;
Other physical details 21 cm.
653 ## - INDEX TERM--UNCONTROLLED
keyword იაპონიის მიწისძვრის, ცუნამისა და ბირთვული აფეთქების შესახებ ანარეკლები
700 ## - ADDED ENTRY--PERSONAL NAME
Personal name Luke, Elmer
Relator term რედაქტორი
9 (RLIN) 27057
700 ## - ADDED ENTRY--PERSONAL NAME
Personal name Karashima, David
Relator term რედაქტორი
9 (RLIN) 27058
942 ## - ADDED ENTRY ELEMENTS (KOHA)
Source of classification or shelving scheme
Koha item type წიგნი
ეგზემპლარები
Withdrawn status Lost status Source of classification or shelving scheme Damaged status Not for loan Permanent Location Current Location Shelving location Date acquired Cost, normal purchase price Full call number Barcode Date last seen Copy number Uniform Resource Identifier Price effective from Koha item type Public note
          ბათუმის შოთა რუსთაველის სახელმწიფო უნივერსიტეტის მთავარი ბიბლიოთეკა ბათუმის შოთა რუსთაველის სახელმწიფო უნივერსიტეტის მთავარი ბიბლიოთეკა წიგნსაცავი 2026-03-05 10.00 821.521 M-29 73865 2026-03-05 73865 იაპონიის ელჩის საჩუქარი 2026-03-05 წიგნი 10 ლ.